| 000 | 00696nam a2200097Ia 4500 | ||
|---|---|---|---|
| 008 | 220204s9999 xx 000 0 und d | ||
| 082 |
_a811.214.21 _bMAN |
||
| 245 | 0 | _aAchcha bhojan;Aise jeev jinhe bhoola nahim ja saktha;Bacchon ke liye sadabahar kahaniyan;Bade khar ki betee;Badi ho rahi hai ladki;Betiyan;Bharath ka vibhajan;Dhan ka khajana;Diwali;Enki duniya;Ham honge kamyab ek din;Jungle mein mangal;Kam ek: tarike teen;Katte pankho wali pari;Kesar ki mehak;Pahale aap;Pahalwan ki dholak;Pandit kaun;Pedom ki mahima;Pusthak ki dukan;Sab ka sathi sab ka dosth;Sadharan rog;Tapovan ka raja;Teen kanjus va anya kahani;Veer balak | |
| 260 |
_aNew Delhi _bNational Book Trust _c2007-2015 |
||
| 942 | _cBK | ||
| 999 |
_c44683 _d44683 |
||